000 00802nam a2200289Ia 4500
001 C0095
003 IT-RoPAU
008 130308s9999 xx 000 0 und d
040 _aIT-RoPAU
040 _cIT-RoPAU
041 _aITALIANO
100 _aLilli di Franco Maria
100 _gCodice Aut. SPICS: 39801
245 _aProblematiche di conservazione
245 _bStampa in Italia nel Cinquecento (La)-Volume Ii
250 _a1a ed.
260 _aROMA
260 _bBulzoni
260 _c1992 [1° Ed.:1992 - Ed.Ling.Originale:1992]
300 _a"2 p. (prefazione: no ; testo: 2 [pagine: 575-576])"
500 _aSunto della Relazione.
650 _aSTORIA NAZIONALE DELLA STAMPA DI MASSA
650 _eCodice materia Spics: 6659
942 _cBK
957 _71
999 _c82754
_d82754
999 _g1